000 00647nam a2200229 i 4500
001 bgj
100 1 _aSPARK, Muriel.
245 1 0 _aThe Only Problem /
_cMuriel Spark ; illustrated by Vivien Flesher.
260 _aFranklin Center, Pa :
_bThe Franklin Library,
_c1984.
300 _a177 pp, [4] :
_bill. ;
_c24 cm.
650 9 _aBible. OT. Job
_xStudy and teaching
650 9 _aCanadians
_zFrance
650 9 _aRunaway husbands
650 9 _aDidactic fiction
651 9 _aFrance
655 _aFiction
700 1 _aFLESHER, Vivien.
_eill.
040 _cBPK
041 0 _aeng
942 _cKS
008 s uk f |000 0 eng
999 _c47587
_d47587
856 _uhttp://koha.tu.koszalin.pl/cgi-bin/koha/opac-detail.pl?biblionumber=47587
_yKatalog online BPK